|
|
|
|
| LEADER |
01329nam a2200373Ia 4500 |
| 001 |
EBC484970 |
| 003 |
MiAaPQ |
| 005 |
20200520144314.0 |
| 006 |
m o d | |
| 007 |
cr cn||||||||| |
| 008 |
090921s2010 nyu s 001 0 eng d |
| 010 |
|
|
|z 2009037755
|
| 020 |
|
|
|z 9780814415252 (hardcover)
|
| 020 |
|
|
|z 0814415253 (hardcover)
|
| 035 |
|
|
|a (MiAaPQ)EBC484970
|
| 035 |
|
|
|a (Au-PeEL)EBL484970
|
| 035 |
|
|
|a (CaPaEBR)ebr10370301
|
| 035 |
|
|
|a (CaONFJC)MIL249267
|
| 035 |
|
|
|a (OCoLC)560270434
|
| 040 |
|
|
|a MiAaPQ
|c MiAaPQ
|d MiAaPQ
|
| 050 |
|
4 |
|a HD59
|b .D558 2010
|
| 082 |
0 |
4 |
|a 659.2
|2 22
|
| 100 |
1 |
|
|a Dilenschneider, Robert L.
|
| 245 |
1 |
4 |
|a The AMA handbook of public relations
|h [electronic resource] /
|c Robert L. Dilenschneider ; foreword by Maria Bartiromo.
|
| 246 |
3 |
0 |
|a Handbook of public relations
|
| 260 |
|
|
|a New York :
|b AMACOM,
|c c2010.
|
| 300 |
|
|
|a xii, 238 p.
|
| 500 |
|
|
|a Includes index.
|
| 533 |
|
|
|a Electronic reproduction. Ann Arbor, MI : ProQuest, 2015. Available via World Wide Web. Access may be limited to ProQuest affiliated libraries.
|
| 650 |
|
0 |
|a Public relations.
|
| 650 |
|
0 |
|a Public relations
|z United States.
|
| 655 |
|
4 |
|a Electronic books.
|
| 710 |
2 |
|
|a ProQuest (Firm)
|
| 856 |
4 |
0 |
|u https://ebookcentral.proquest.com/lib/matrademy/detail.action?docID=484970
|z Click to View
|